Cricket: Fastest to 100 Test Wickets post-1950 - Statistics

General Stats
  • This quiz has been taken 17 times
    10 since last reset
  • The average score is 10 of 18
Answer Stats
Country Year Matches Answer % Correct
SA 2008 20 Dale Steyn
89%
AUS 2019 21 Pat Cummins
89%
WI 1980 21 Joel Garner
78%
ENG 1979 19 Lord Ian Botham
78%
IND 2013 18 Ravichandran Ashwin
78%
SA 2013 19 Vernon Philander
78%
PAK 1993 20 Waqar Younis
78%
PAK 2016 17 Yasir Shah
78%
WI 1976 19 Sir Andy Roberts
67%
IND 1995 21 Anil Kumble
56%
PAK 2010 20 Mohammad Asif
56%
WI 1995 21 Ian Bishop
44%
PAK 2012 19 Saeed Ajmal
44%
WI 1981 21 Colin Croft
33%
IND 1969 20 Erapalli Prasanna
33%
AUS 2003 21 Stuart MacGill
33%
WI 1962 20 Sir Wes Hall
22%
WI 1954 19 Alf Valentine
11%
No matching quizzes found
Score Distribution
Percent of People with Each Score
Percentile by Number Answered
Your Score History
You have not taken this quiz since the last reset